000 00256nam a22000857a 4500
999 _c11686
_d11686
008 191129b ||||| |||| 00| 0 eng d
020 _a0800751167
100 _97385
_a Watson, Jean
245 _aWatchmaker's daughter : the life of Corrie ten Boom for young people